| 000 | 00345nam a2200121Ia 4500 | ||
|---|---|---|---|
| 008 | 210430s9999 xx 000 0 und d | ||
| 082 | _a620.11 A8345 S | ||
| 100 | _aDonald R Askeland | ||
| 245 | 4 |
_aThe Science and Engineering of Materials 5th ed _cDonald R Askeland |
|
| 260 |
_aAustralia _bThomson _c2006 |
||
| 300 | _a863p. | ||
| 942 |
_cBK _2ddc |
||
| 999 |
_c564446 _d564446 |
||